Estudios de derecho civil en honor del prof. Batlle Vázquez

Guardat en:
Dades bibliogràfiques
Format: Llibre
Idioma:espanyol
Publicat: Madrid Derecho Reunidos 1978
Col·lecció:Monografias
Matèries:
Etiquetes: Afegir etiqueta
Sense etiquetes, Sigues el primer a etiquetar aquest registre!

MARC

LEADER 00000nam a2200000 a 4500
001 UCY4443
003 CL-VaPUC
008 950313e19780000SP |||||||||||||||||spa|d
082 0 4 |a 346  |b EST  |2 21 
245 1 0 |a Estudios de derecho civil en honor del prof. Batlle Vázquez 
300 |a 854 p 
942 |c BK 
945 |d 19950313 00:00:00  |a aalvarez 
260 |a Madrid  |b Derecho Reunidos  |c 1978 
600 0 7 |a BATLLE VAZQUEZ, MANUEL  |2 CL-VaPUC  |9 332883 
650 0 |a Derecho civil  |9 255013 
583 |a last modification  |c 19950313 00:00:00  |k Rodrigo Vera 
490 0 |a Monografias 
999 |c 232303  |d 232301 
952 |0 0  |1 0  |4 0  |6 346_000000000000000_EST_1978  |7 0  |8 A  |9 236438  |a BIBDER  |b BIBDER  |d 2019-11-15  |i 3063968  |o 346 EST 1978  |p 3063968  |r 2023-01-25  |w 2019-11-15  |y BK  |k DER